[Event "Hoogeveen Open"]
[Site "Hoogeveen, Netherlands"]
[Date "2018.10.26"]
[Round "8.11"]
[White "Tomilova, Elena"]
[Black "Konings, Frans"]
[Result "0-1"]
[WhiteElo "2328"]
[BlackElo "2195"]

1. Nf3 {[%clk 01:30:58]} {[%emt 00:00:01]} g6 {[%clk 01:29:05]} {[%emt
00:01:54]} 2. d4 {[%clk 01:31:04]} {[%emt 00:00:25]} Bg7 {[%clk 01:29:26]}
{[%emt 00:00:09]} 3. e4 {[%clk 01:31:21]} {[%emt 00:00:13]} d6 {[%clk
01:29:41]} {[%emt 00:00:14]} 4. Bc4 {[%clk 01:31:36]} {[%emt 00:00:15]} e6
{[%clk 01:25:08]} {[%emt 00:05:03]} 5. Bb3 {[%clk 01:29:10]} {[%emt 00:02:57]}
Ne7 {[%clk 01:25:32]} {[%emt 00:00:06]} 6. Qe2 {[%clk 01:27:59]} {[%emt
00:01:42]} a5 {[%clk 01:25:20]} {[%emt 00:00:42]} 7. a4 {[%clk 01:22:21]}
{[%emt 00:06:08]} b6 {[%clk 01:22:15]} {[%emt 00:03:34]} 8. Nbd2 {[%clk
01:22:21]} {[%emt 00:00:31]} Ba6 {[%clk 01:22:24]} {[%emt 00:00:20]} 9. Bc4
{[%clk 01:17:37]} {[%emt 00:05:14]} O-O {[%clk 01:19:32]} {[%emt 00:03:22]} 10.
O-O {[%clk 01:17:00]} {[%emt 00:01:08]} Bxc4 {[%clk 01:18:19]} {[%emt
00:01:42]} 11. Nxc4 {[%clk 01:17:01]} {[%emt 00:00:29]} Nbc6 {[%clk 01:18:00]}
{[%emt 00:00:49]} 12. c3 {[%clk 01:16:54]} {[%emt 00:00:38]} Qc8 {[%clk
01:14:46]} {[%emt 00:03:44]} 13. Re1 {[%clk 01:11:08]} {[%emt 00:06:17]} Qa6
{[%clk 01:14:26]} {[%emt 00:00:49]} 14. Na3 {[%clk 01:10:07]} {[%emt 00:01:32]}
Qxe2 {[%clk 01:14:35]} {[%emt 00:00:21]} 15. Rxe2 {[%clk 01:10:36]} {[%emt
00:00:01]} Na7 {[%clk 01:07:48]} {[%emt 00:07:16]} 16. Be3 {[%clk 01:04:06]}
{[%emt 00:07:01]} h6 {[%clk 01:07:28]} {[%emt 00:00:49]} 17. h4 {[%clk
01:04:15]} {[%emt 00:00:21]} Rae8 {[%clk 01:04:17]} {[%emt 00:03:41]} 18. Rae1
{[%clk 01:01:10]} {[%emt 00:03:35]} Kh7 {[%clk 01:04:41]} {[%emt 00:00:06]} 19.
Bc1 {[%clk 01:00:58]} {[%emt 00:00:43]} Rb8 {[%clk 01:00:27]} {[%emt 00:04:43]}
20. c4 {[%clk 00:49:53]} {[%emt 00:11:35]} Nec6 {[%clk 00:46:28]} {[%emt
00:14:28]} 21. Rd1 {[%clk 00:49:42]} {[%emt 00:00:42]} e5 {[%clk 00:42:38]}
{[%emt 00:04:20]} 22. d5 {[%clk 00:41:06]} {[%emt 00:09:06]} Nd8 {[%clk
00:39:06]} {[%emt 00:04:00]} 23. Nd2 {[%clk 00:37:40]} {[%emt 00:03:57]} f5
{[%clk 00:37:37]} {[%emt 00:02:00]} 24. exf5 {[%clk 00:34:44]} {[%emt
00:03:27]} gxf5 {[%clk 00:38:00]} {[%emt 00:00:06]} 25. f4 {[%clk 00:34:28]}
{[%emt 00:00:46]} Nb7 {[%clk 00:33:02]} {[%emt 00:05:27]} 26. Nb3 {[%clk
00:33:30]} {[%emt 00:01:30]} Rf7 {[%clk 00:32:43]} {[%emt 00:00:49]} 27. Be3
{[%clk 00:27:34]} {[%emt 00:06:26]} Nc5 {[%clk 00:30:35]} {[%emt 00:02:37]} 28.
Bxc5 {[%clk 00:24:34]} {[%emt 00:03:29]} bxc5 {[%clk 00:30:36]} {[%emt
00:00:30]} 29. Nb5 {[%clk 00:23:47]} {[%emt 00:01:17]} Nxb5 {[%clk 00:30:40]}
{[%emt 00:00:27]} 30. cxb5 {[%clk 00:23:49]} {[%emt 00:00:28]} exf4 {[%clk
00:30:52]} {[%emt 00:00:17]} 31. Rde1 {[%clk 00:12:43]} {[%emt 00:11:35]} Bf6
{[%clk 00:26:30]} {[%emt 00:04:53]} 32. h5 {[%clk 00:12:30]} {[%emt 00:00:43]}
Rg8 {[%clk 00:26:19]} {[%emt 00:00:41]} 33. Re8 {[%clk 00:11:36]} {[%emt
00:01:24]} Rg3 {[%clk 00:24:48]} {[%emt 00:02:01]} 34. Nc1 {[%clk 00:08:09]}
{[%emt 00:03:57]} Rfg7 {[%clk 00:25:08]} {[%emt 00:00:10]} 35. Kf1 {[%clk
00:04:44]} {[%emt 00:03:55]} Rxg2 {[%clk 00:24:50]} {[%emt 00:00:47]} 36. Nd3
{[%clk 00:04:47]} {[%emt 00:00:28]} Bh4 {[%clk 00:24:38]} {[%emt 00:00:42]} 37.
R1e6 {[%clk 00:03:36]} {[%emt 00:01:41]} f3 {[%clk 00:24:14]} {[%emt 00:00:54]}
38. Rg6 {[%clk 00:03:27]} {[%emt 00:00:40]} Rd2 {[%clk 00:22:47]} {[%emt
00:01:56]} 39. Rxg7+ {[%clk 00:01:51]} {[%emt 00:02:06]} Kxg7 {[%clk 00:23:13]}
{[%emt 00:00:04]} 40. Re3 {[%clk 00:02:10]} {[%emt 00:00:11]} Rd1+ {[%clk
00:23:29]} {[%emt 00:00:14]} 41. Ne1 {[%clk 00:02:36]} {[%emt 00:00:04]} f2
{[%clk 00:23:48]} {[%emt 00:00:10]} 0-1

[Event "Hoogeveen Open"]
[Site "Hoogeveen, Netherlands"]
[Date "2018.10.26"]
[Round "8.22"]
[White "Klaren, Duncan"]
[Black "Kevlishvili, Robby"]
[Result "0-1"]
[WhiteElo "1950"]
[BlackElo "2461"]

1. e4 {[%clk 01:30:56]} {[%emt 00:00:03]} c5 {[%clk 01:30:55]} {[%emt
00:00:05]} 2. Nf3 {[%clk 01:31:23]} {[%emt 00:00:04]} d6 {[%clk 01:31:20]}
{[%emt 00:00:04]} 3. d4 {[%clk 01:31:49]} {[%emt 00:00:04]} cxd4 {[%clk
01:31:47]} {[%emt 00:00:03]} 4. Nxd4 {[%clk 01:32:15]} {[%emt 00:00:04]} Nf6
{[%clk 01:32:12]} {[%emt 00:00:05]} 5. Nc3 {[%clk 01:32:42]} {[%emt 00:00:03]}
a6 {[%clk 01:32:38]} {[%emt 00:00:04]} 6. f4 {[%clk 01:33:08]} {[%emt
00:00:04]} e5 {[%clk 01:32:01]} {[%emt 00:01:07]} 7. Nf3 {[%clk 01:33:34]}
{[%emt 00:00:05]} Nbd7 {[%clk 01:32:23]} {[%emt 00:00:08]} 8. a4 {[%clk
01:33:58]} {[%emt 00:00:06]} Be7 {[%clk 01:32:10]} {[%emt 00:00:42]} 9. Bc4
{[%clk 01:34:21]} {[%emt 00:00:08]} O-O {[%clk 01:30:24]} {[%emt 00:02:15]} 10.
O-O {[%clk 01:31:48]} {[%emt 00:03:03]} b6 {[%clk 01:26:45]} {[%emt 00:04:09]}
11. Qe2 {[%clk 01:12:09]} {[%emt 00:20:10]} Bb7 {[%clk 01:26:10]} {[%emt
00:01:04]} 12. Nh4 {[%clk 01:11:36]} {[%emt 00:01:03]} Nc5 {[%clk 00:57:33]}
{[%emt 00:29:07]} 13. Nf5 {[%clk 00:55:24]} {[%emt 00:16:42]} Ncxe4 {[%clk
00:45:25]} {[%emt 00:12:37]} 14. Nxe4 {[%clk 00:54:59]} {[%emt 00:00:56]} Nxe4
{[%clk 00:43:28]} {[%emt 00:02:28]} 15. Qg4 {[%clk 00:51:35]} {[%emt 00:03:53]}
g6 {[%clk 00:43:47]} {[%emt 00:00:11]} 16. fxe5 {[%clk 00:47:57]} {[%emt
00:04:08]} d5 {[%clk 00:40:09]} {[%emt 00:04:08]} 17. Bd3 {[%clk 00:20:38]}
{[%emt 00:27:49]} Bc5+ {[%clk 00:26:33]} {[%emt 00:14:06]} 18. Be3 {[%clk
00:19:01]} {[%emt 00:02:07]} Bxe3+ {[%clk 00:18:04]} {[%emt 00:08:59]} 19. Nxe3
{[%clk 00:19:26]} {[%emt 00:00:06]} Qe7 {[%clk 00:18:24]} {[%emt 00:00:09]} 20.
Qf4 {[%clk 00:16:24]} {[%emt 00:03:32]} f5 {[%clk 00:18:30]} {[%emt 00:00:24]}
21. exf6 {[%clk 00:10:07]} {[%emt 00:06:47]} Rxf6 {[%clk 00:18:27]} {[%emt
00:00:33]} 22. Qg4 {[%clk 00:10:34]} {[%emt 00:00:04]} Qc5 {[%clk 00:18:19]}
{[%emt 00:00:37]} 23. Qh3 {[%clk 00:03:22]} {[%emt 00:07:42]} Re8 {[%clk
00:13:37]} {[%emt 00:05:12]} 24. Rxf6 {[%clk 00:03:02]} {[%emt 00:00:50]} Nxf6
{[%clk 00:13:55]} {[%emt 00:00:12]} 25. Re1 {[%clk 00:03:30]} {[%emt 00:00:03]}
Bc8 {[%clk 00:09:48]} {[%emt 00:04:36]} 26. Qf3 {[%clk 00:03:36]} {[%emt
00:00:24]} Ng4 {[%clk 00:09:53]} {[%emt 00:00:25]} 0-1

[Event "Hoogeveen Open"]
[Site "Hoogeveen, Netherlands"]
[Date "2018.10.26"]
[Round "8.34"]
[White "Emans, Job"]
[Black "Shakhverdian, William"]
[Result "1-0"]
[WhiteElo "1927"]
[BlackElo "1903"]

1. d4 {[%clk 01:30:56]} {[%emt 00:00:04]} Nf6 {[%clk 01:30:55]} {[%emt
00:00:06]} 2. c4 {[%clk 01:31:21]} {[%emt 00:00:04]} g6 {[%clk 01:31:21]}
{[%emt 00:00:04]} 3. Nc3 {[%clk 01:31:45]} {[%emt 00:00:06]} Bg7 {[%clk
01:31:49]} {[%emt 00:00:02]} 4. e4 {[%clk 01:32:09]} {[%emt 00:00:06]} d6
{[%clk 01:32:17]} {[%emt 00:00:02]} 5. Nf3 {[%clk 01:32:32]} {[%emt 00:00:07]}
O-O {[%clk 01:32:41]} {[%emt 00:00:07]} 6. Be2 {[%clk 01:32:50]} {[%emt
00:00:11]} e5 {[%clk 01:33:06]} {[%emt 00:00:04]} 7. O-O {[%clk 01:33:07]}
{[%emt 00:00:13]} Nc6 {[%clk 01:33:31]} {[%emt 00:00:06]} 8. d5 {[%clk
01:33:28]} {[%emt 00:00:09]} Ne7 {[%clk 01:33:59]} {[%emt 00:00:03]} 9. Ne1
{[%clk 01:33:31]} {[%emt 00:00:26]} Nd7 {[%clk 01:34:13]} {[%emt 00:00:16]} 10.
Nd3 {[%clk 01:33:20]} {[%emt 00:00:41]} b6 {[%clk 01:34:10]} {[%emt 00:00:33]}
11. b4 {[%clk 01:20:45]} {[%emt 00:13:05]} a5 {[%clk 01:34:25]} {[%emt
00:00:16]} 12. Be3 {[%clk 01:20:49]} {[%emt 00:00:25]} f5 {[%clk 01:32:02]}
{[%emt 00:02:54]} 13. f3 {[%clk 01:21:09]} {[%emt 00:00:10]} f4 {[%clk
01:30:36]} {[%emt 00:01:55]} 14. Bf2 {[%clk 01:21:33]} {[%emt 00:00:06]} g5
{[%clk 01:29:12]} {[%emt 00:01:55]} 15. c5 {[%clk 01:15:14]} {[%emt 00:06:48]}
axb4 {[%clk 01:26:03]} {[%emt 00:03:40]} 16. cxd6 {[%clk 01:15:38]} {[%emt
00:00:05]} bxc3 {[%clk 01:25:30]} {[%emt 00:01:03]} 17. dxe7 {[%clk 01:16:04]}
{[%emt 00:00:04]} Qxe7 {[%clk 01:25:55]} {[%emt 00:00:06]} 18. Qb3 {[%clk
01:16:24]} {[%emt 00:00:10]} Qd6 {[%clk 01:20:39]} {[%emt 00:05:46]} 19. Qxc3
{[%clk 01:11:41]} {[%emt 00:05:12]} Ba6 {[%clk 01:19:41]} {[%emt 00:01:28]} 20.
Rfc1 {[%clk 01:11:00]} {[%emt 00:01:11]} Bxd3 {[%clk 01:09:05]} {[%emt
00:11:06]} 21. Bxd3 {[%clk 01:10:04]} {[%emt 00:01:26]} Rfc8 {[%clk 01:07:29]}
{[%emt 00:02:06]} 22. a4 {[%clk 01:09:08]} {[%emt 00:01:26]} Ra5 {[%clk
01:05:01]} {[%emt 00:02:58]} 23. Bb5 {[%clk 01:08:56]} {[%emt 00:00:43]} Bf8
{[%clk 00:51:14]} {[%emt 00:14:17]} 24. Bxd7 {[%clk 01:03:05]} {[%emt
00:06:21]} Qxd7 {[%clk 00:50:37]} {[%emt 00:01:06]} 25. Bxb6 {[%clk 01:03:01]}
{[%emt 00:00:34]} Raa8 {[%clk 00:35:22]} {[%emt 00:15:45]} 26. Bf2 {[%clk
00:59:27]} {[%emt 00:04:04]} Bd6 {[%clk 00:32:04]} {[%emt 00:03:49]} 27. Qc6
{[%clk 00:53:52]} {[%emt 00:06:05]} Qxc6 {[%clk 00:28:09]} {[%emt 00:04:24]} 28.
Rxc6 {[%clk 00:54:16]} {[%emt 00:00:06]} Rcb8 {[%clk 00:24:21]} {[%emt
00:04:18]} 29. Bc5 {[%clk 00:49:06]} {[%emt 00:05:40]} Ra5 {[%clk 00:06:11]}
{[%emt 00:18:40]} 30. Bxd6 {[%clk 00:49:05]} {[%emt 00:00:32]} cxd6 {[%clk
00:06:36]} {[%emt 00:00:04]} 31. Rxd6 {[%clk 00:49:12]} {[%emt 00:00:23]} Rb2
{[%clk 00:06:17]} {[%emt 00:00:50]} 32. Rc6 {[%clk 00:48:59]} {[%emt 00:00:42]}
Rd2 {[%clk 00:06:36]} {[%emt 00:00:11]} 33. Rb1 {[%clk 00:48:59]} {[%emt
00:00:31]} Ra7 {[%clk 00:06:43]} {[%emt 00:00:23]} 34. a5 {[%clk 00:46:58]}
{[%emt 00:02:30]} Ra2 {[%clk 00:05:46]} {[%emt 00:01:28]} 35. d6 {[%clk
00:47:16]} {[%emt 00:00:12]} R2xa5 {[%clk 00:03:12]} {[%emt 00:03:04]} 36. Rc7
{[%clk 00:39:31]} {[%emt 00:08:15]} Ra8 {[%clk 00:01:34]} {[%emt 00:02:08]} 37.
d7 {[%clk 00:38:12]} {[%emt 00:01:49]} Rf8 {[%clk 00:01:38]} {[%emt 00:00:26]}
38. Rd1 {[%clk 00:37:26]} {[%emt 00:01:16]} Raa8 {[%clk 00:01:31]} {[%emt
00:00:37]} 39. Rd5 {[%clk 00:37:43]} {[%emt 00:00:12]} Ra1+ {[%clk 00:00:49]}
{[%emt 00:01:12]} 40. Kf2 {[%clk 00:38:09]} {[%emt 00:00:04]} Ra2+ {[%clk
00:00:58]} {[%emt 00:00:22]} 41. Ke1 {[%clk 00:38:18]} {[%emt 00:00:20]} Raa8
{[%clk 00:00:45]} {[%emt 00:00:44]} 42. Rxe5 {[%clk 00:38:38]} {[%emt
00:00:10]} h6 {[%clk 00:00:44]} {[%emt 00:00:31]} 43. Re7 {[%clk 00:38:38]}
{[%emt 00:00:29]} Rfd8 {[%clk 00:00:58]} {[%emt 00:00:16]} 44. Rc6 {[%clk
00:38:11]} {[%emt 00:00:58]} Kf8 {[%clk 00:30:10]} {[%emt 00:01:17]} 45. Rh7
{[%clk 01:08:15]} {[%emt 00:00:26]} Kg8 {[%clk 00:30:07]} {[%emt 00:00:34]} 46.
Rcxh6 {[%clk 01:08:15]} {[%emt 00:00:29]} Kf8 {[%clk 00:28:54]} {[%emt
00:01:44]} 47. e5 {[%clk 01:08:19]} {[%emt 00:00:26]} Rdb8 {[%clk 00:27:37]}
{[%emt 00:01:47]} 48. Rh8+ {[%clk 01:07:17]} {[%emt 00:01:31]} Ke7 {[%clk
00:28:02]} {[%emt 00:00:05]} 49. Rxb8 {[%clk 01:07:32]} {[%emt 00:00:15]} Rxb8
{[%clk 00:28:28]} {[%emt 00:00:05]} 50. Rd6 {[%clk 01:07:24]} {[%emt 00:00:38]}
Kd8 {[%clk 00:28:43]} {[%emt 00:00:14]} 51. e6 {[%clk 01:07:44]} {[%emt
00:00:10]} Ke7 {[%clk 00:28:44]} {[%emt 00:00:29]} 52. Rc6 {[%clk 01:07:03]}
{[%emt 00:01:11]} Rb5 {[%clk 00:28:15]} {[%emt 00:00:59]} 53. Kd2 {[%clk
01:07:03]} {[%emt 00:00:31]} Re5 {[%clk 00:27:48]} {[%emt 00:00:57]} 54. Kc3
{[%clk 01:06:44]} {[%emt 00:00:48]} Re1 {[%clk 00:27:37]} {[%emt 00:00:41]} 55.
Rc8 {[%clk 01:06:27]} {[%emt 00:00:47]} Rd1 {[%clk 00:27:57]} {[%emt 00:00:10]}
56. Re8+ {[%clk 01:06:54]} {[%emt 00:00:03]} Kf6 {[%clk 00:28:21]} {[%emt
00:00:07]} 57. d8=Q+ {[%clk 01:07:16]} {[%emt 00:00:08]} 1-0

[Event "Hoogeveen Open"]
[Site "Hoogeveen, Netherlands"]
[Date "2018.10.26"]
[Round "8.36"]
[White "Brands, Kevin"]
[Black "Oord, Raymon"]
[Result "1/2-1/2"]
[WhiteElo "1862"]
[BlackElo "1900"]

1. d4 {[%clk 01:30:40]} {[%emt 00:00:20]} Nf6 {[%clk 01:30:52]} {[%emt
00:00:08]} 2. c4 {[%clk 01:31:07]} {[%emt 00:00:02]} e6 {[%clk 01:30:54]}
{[%emt 00:00:27]} 3. g3 {[%clk 01:30:26]} {[%emt 00:01:12]} d5 {[%clk
01:30:48]} {[%emt 00:00:36]} 4. Nf3 {[%clk 01:30:15]} {[%emt 00:00:41]} Nbd7
{[%clk 01:30:34]} {[%emt 00:00:44]} 5. Bg2 {[%clk 01:27:11]} {[%emt 00:03:35]}
c6 {[%clk 01:30:01]} {[%emt 00:01:03]} 6. O-O {[%clk 01:25:28]} {[%emt
00:02:13]} Bd6 {[%clk 01:29:55]} {[%emt 00:01:05]} 7. Nc3 {[%clk 01:23:12]}
{[%emt 00:03:16]} Ne4 {[%clk 01:24:40]} {[%emt 00:05:44]} 8. Nxe4 {[%clk
01:16:45]} {[%emt 00:06:58]} dxe4 {[%clk 01:25:07]} {[%emt 00:00:03]} 9. Ng5
{[%clk 01:00:30]} {[%emt 00:16:46]} f5 {[%clk 01:21:56]} {[%emt 00:03:39]} 10.
Nxe6 {[%clk 00:56:40]} {[%emt 00:04:22]} Qf6 {[%clk 01:19:40]} {[%emt
00:02:46]} 11. d5 {[%clk 00:55:09]} {[%emt 00:02:01]} Nb6 {[%clk 01:08:27]}
{[%emt 00:11:42]} 12. Bg5 {[%clk 00:52:52]} {[%emt 00:02:47]} Qg6 {[%clk
01:02:55]} {[%emt 00:06:01]} 13. Qd4 {[%clk 00:48:17]} {[%emt 00:05:06]} Bxe6
{[%clk 00:55:15]} {[%emt 00:08:10]} 14. dxe6 {[%clk 00:48:44]} {[%emt
00:00:04]} Qxe6 {[%clk 00:52:19]} {[%emt 00:03:25]} 15. Qxg7 {[%clk 00:33:23]}
{[%emt 00:15:50]} Be5 {[%clk 00:43:10]} {[%emt 00:09:39]} 16. Qxb7 {[%clk
00:31:50]} {[%emt 00:02:04]} O-O {[%clk 00:39:40]} {[%emt 00:04:00]} 17. Qe7
{[%clk 00:25:45]} {[%emt 00:06:35]} Qxe7 {[%clk 00:36:12]} {[%emt 00:03:59]} 18.
Bxe7 {[%clk 00:26:12]} {[%emt 00:00:03]} Rf7 {[%clk 00:36:01]} {[%emt
00:00:40]} 19. Ba3 {[%clk 00:19:52]} {[%emt 00:06:51]} Nxc4 {[%clk 00:34:35]}
{[%emt 00:01:55]} 20. Rac1 {[%clk 00:20:14]} {[%emt 00:00:09]} Nxa3 {[%clk
00:33:52]} {[%emt 00:01:12]} 21. bxa3 {[%clk 00:20:41]} {[%emt 00:00:03]} Rf6
{[%clk 00:33:06]} {[%emt 00:01:16]} 22. Rc5 {[%clk 00:19:21]} {[%emt 00:01:51]}
Bd4 {[%clk 00:31:55]} {[%emt 00:01:41]} 23. Rc4 {[%clk 00:18:55]} {[%emt
00:00:56]} Bb6 {[%clk 00:31:47]} {[%emt 00:00:36]} 24. Rfc1 {[%clk 00:19:18]}
{[%emt 00:00:09]} Rd8 {[%clk 00:27:11]} {[%emt 00:05:06]} 25. e3 {[%clk
00:15:01]} {[%emt 00:04:47]} c5 {[%clk 00:25:37]} {[%emt 00:02:03]} 26. Bh3
{[%clk 00:13:46]} {[%emt 00:01:45]} h5 {[%clk 00:24:09]} {[%emt 00:01:58]} 27.
a4 {[%clk 00:13:21]} {[%emt 00:00:55]} a5 {[%clk 00:24:16]} {[%emt 00:00:23]}
28. Rxc5 {[%emt 00:00:59]} Bxc5 {[%clk 00:20:55]} {[%emt 00:03:51]} 29. Rxc5
{[%clk 00:13:19]} {[%emt 00:00:03]} Rd2 {[%clk 00:16:17]} {[%emt 00:05:08]} 30.
Rxf5 {[%clk 00:10:48]} {[%emt 00:03:01]} Kg7 {[%clk 00:15:00]} {[%emt
00:01:47]} 31. Rxf6 {[%clk 00:09:31]} {[%emt 00:01:48]} Kxf6 {[%clk 00:15:27]}
{[%emt 00:00:02]} 32. Bf1 {[%clk 00:09:32]} {[%emt 00:00:29]} Rxa2 {[%clk
00:15:07]} {[%emt 00:00:50]} 33. Bb5 {[%clk 00:10:00]} {[%emt 00:00:03]} Kg5
{[%clk 00:11:54]} {[%emt 00:03:42]} 34. Kg2 {[%clk 00:09:32]} {[%emt 00:00:58]}
h4 {[%clk 00:11:29]} {[%emt 00:00:54]} 35. Bc6 {[%clk 00:09:01]} {[%emt
00:01:03]} h3+ {[%clk 00:08:07]} {[%emt 00:03:50]} 36. Kxh3 {[%clk 00:08:51]}
{[%emt 00:00:41]} Rxf2 {[%clk 00:08:20]} {[%emt 00:00:17]} 37. Bxe4 {[%clk
00:09:18]} {[%emt 00:00:03]} Re2 {[%clk 00:08:17]} {[%emt 00:00:33]} 38. Bc6
{[%clk 00:08:39]} {[%emt 00:01:09]} Rxe3 {[%clk 00:08:06]} {[%emt 00:00:40]} 39.
Bb5 {[%clk 00:07:44]} {[%emt 00:01:26]} Rb3 {[%clk 00:07:17]} {[%emt 00:01:18]}
40. Bd7 {[%clk 00:06:28]} {[%emt 00:01:47]} Rd3 {[%clk 00:04:19]} {[%emt
00:03:28]} 41. Bb5 {[%clk 00:06:20]} {[%emt 00:00:39]} Rb3 {[%clk 00:04:41]}
{[%emt 00:00:07]} 42. Kg2 {[%clk 00:01:37]} {[%emt 00:05:13]} Rb2+ {[%clk
00:04:36]} {[%emt 00:00:35]} 43. Kh3 {[%clk 00:01:55]} {[%emt 00:00:11]}
1/2-1/2

[Event "Hoogeveen Open"]
[Site "Hoogeveen, Netherlands"]
[Date "2018.10.26"]
[Round "8.37"]
[White "Husers, Yannic"]
[Black "Bleeker, Kasper"]
[Result "0-1"]
[WhiteElo "1866"]
[BlackElo "1891"]

1. f4 {[%clk 01:30:57]} {[%emt 00:00:02]} e5 {[%clk 01:30:48]} {[%emt
00:00:12]} 2. fxe5 {[%clk 01:31:20]} {[%emt 00:00:08]} d6 {[%clk 01:30:57]}
{[%emt 00:00:22]} 3. exd6 {[%clk 01:31:43]} {[%emt 00:00:06]} Bxd6 {[%clk
01:31:21]} {[%emt 00:00:06]} 4. Nf3 {[%clk 01:32:04]} {[%emt 00:00:09]} Nc6
{[%clk 01:30:16]} {[%emt 00:01:35]} 5. d4 {[%clk 01:30:42]} {[%emt 00:01:53]}
Bg4 {[%clk 01:28:22]} {[%emt 00:02:23]} 6. Be3 {[%clk 01:27:20]} {[%emt
00:03:51]} Nf6 {[%clk 01:27:31]} {[%emt 00:01:22]} 7. Nc3 {[%clk 01:26:36]}
{[%emt 00:01:14]} Qe7 {[%clk 01:23:18]} {[%emt 00:04:43]} 8. Kf2 {[%clk
01:19:47]} {[%emt 00:07:19]} O-O-O {[%clk 01:19:16]} {[%emt 00:04:32]} 9. Qd2
{[%clk 00:55:53]} {[%emt 00:24:24]} Bb4 {[%clk 01:03:55]} {[%emt 00:15:52]} 10.
Kg1 {[%clk 00:54:45]} {[%emt 00:01:37]} Rhe8 {[%clk 01:01:56]} {[%emt
00:02:30]} 11. Bf2 {[%clk 00:51:55]} {[%emt 00:03:19]} Ne4 {[%clk 00:38:27]}
{[%emt 00:24:00]} 12. Qf4 {[%clk 00:30:59]} {[%emt 00:21:25]} Nxf2 {[%clk
00:36:44]} {[%emt 00:02:14]} 13. Kxf2 {[%clk 00:29:43]} {[%emt 00:01:46]} Bxf3
{[%clk 00:32:16]} {[%emt 00:04:57]} 14. exf3 {[%clk 00:29:26]} {[%emt
00:00:48]} Rxd4 {[%clk 00:31:48]} {[%emt 00:00:58]} 15. Ne4 {[%clk 00:28:26]}
{[%emt 00:01:29]} Bd2 {[%clk 00:11:07]} {[%emt 00:21:12]} 16. Qf5+ {[%clk
00:23:16]} {[%emt 00:05:39]} Kb8 {[%clk 00:11:30]} {[%emt 00:00:09]} 17. Bd3
{[%clk 00:21:51]} {[%emt 00:01:54]} g6 {[%clk 00:10:16]} {[%emt 00:01:44]} 18.
Qb5 {[%clk 00:14:54]} {[%emt 00:07:27]} Rb4 {[%clk 00:09:21]} {[%emt 00:01:25]}
19. Qd5 {[%clk 00:13:54]} {[%emt 00:01:30]} Rd8 {[%clk 00:08:45]} {[%emt
00:01:06]} 20. Qxd8+ {[%clk 00:13:59]} {[%emt 00:00:25]} Qxd8 {[%clk 00:08:46]}
{[%emt 00:00:29]} 21. Nxd2 {[%clk 00:14:21]} {[%emt 00:00:07]} Qd4+ {[%clk
00:08:03]} {[%emt 00:01:13]} 22. Kf1 {[%clk 00:14:45]} {[%emt 00:00:07]} a6
{[%clk 00:06:17]} {[%emt 00:02:17]} 23. Re1 {[%clk 00:14:17]} {[%emt 00:00:57]}
Qxb2 {[%clk 00:05:11]} {[%emt 00:01:36]} 24. Nc4 {[%clk 00:14:21]} {[%emt
00:00:26]} Qxa2 {[%clk 00:05:15]} {[%emt 00:00:27]} 25. Kf2 {[%clk 00:14:28]}
{[%emt 00:00:22]} Rxc4 {[%clk 00:05:12]} {[%emt 00:00:32]} 26. Bxc4 {[%clk
00:14:58]} {[%emt 00:00:01]} Qxc4 {[%clk 00:05:40]} {[%emt 00:00:03]} 0-1